书目信息 |
| 题名: |
水工艺设备基础
|
|
| 作者: | 李广贺 主编 | |
| 分册: | ||
| 出版信息: | 北京 中国建筑工业出版社 2002.06 |
|
| 页数: | 330页 | |
| 开本: | 23cm | |
| 丛书名: | ||
| 单 册: | ||
| 中图分类: | TV213 , TU991.3 | |
| 科图分类: | ||
| 主题词: | 水资源--工艺设备--高等学校--教材 , 水资源 , 工艺设备 , 给水工程:市政工程 , 城市供水系统 | |
| 电子资源: | ||
| ISBN: | 7-112-04825-7 | |
| 000 | 00772nam0 2200265 45 | |
| 005 | 20041201101411.32 | |
| 010 | @a7-112-04825-7@dCNY 30.00 | |
| 100 | @a20021117d2002 ekmy0chiy0121 ea | |
| 101 | 0 | @achi |
| 102 | @aCN@b110000 | |
| 105 | @aa z 000yy | |
| 200 | 1 | @a水工艺设备基础@Ashui gong yi she bei ji chu@f李广贺主编 |
| 210 | @a北京@c中国建筑工业出版社@d2002.06 | |
| 215 | @a330页@c图@d23cm | |
| 300 | @a高校给水排水工程学科专业指导委员会规划推荐教材 | |
| 606 | 0 | @a水资源@x工艺设备@x高等学校@j教材 |
| 606 | 0 | @a水资源 |
| 606 | 0 | @a工艺设备 |
| 606 | 0 | @a给水工程:市政工程 |
| 606 | 0 | @a城市供水系统 |
| 690 | @aTV213@v4 | |
| 690 | @aTU991.3@v3 | |
| 701 | 0 | @a李广贺@Ali guang he@4主编 |
| 801 | 0 | @aCN@bQSSK3@c20041201 |
| 905 | @a10447@dTU991.3@eL160 | |
| 水工艺设备基础/李广贺主编.-北京:中国建筑工业出版社,2002.06 |
| 330页:图;23cm |
| 高校给水排水工程学科专业指导委员会规划推荐教材 |
| ISBN 7-112-04825-7:CNY 30.00 |
| ● |
| 相关链接 |
|
|
|
正题名:水工艺设备基础
索取号:TU991.3/L160
 
预约/预借
| 序号 | 登录号 | 条形码 | 馆藏地/架位号 | 状态 | 备注 |
| 1 | 428592 | 204285923 | 建筑库201/201建筑库 133排2列1层/ [索取号:TU991.3/L160] | 在馆 | |
| 2 | 428593 | 204285932 | 建筑库201/201建筑库 133排2列1层/ [索取号:TU991.3/L160] | 在馆 | |
| 3 | 428594 | 204285941 | 建筑库201/201建筑库 133排2列1层/ [索取号:TU991.3/L160] | 在馆 |